<?xml version="1.0" encoding="UTF-8"?>
<collection xmlns="http://www.loc.gov/MARC21/slim">
 <record>
  <leader>01390nam a2200217Ia 4500</leader>
  <controlfield tag="001">CTU_165190</controlfield>
  <controlfield tag="008">210402s9999    xx            000 0 und d</controlfield>
  <datafield tag="082" ind1=" " ind2=" ">
   <subfield code="a">639.32</subfield>
  </datafield>
  <datafield tag="082" ind1=" " ind2=" ">
   <subfield code="b">Kh107</subfield>
  </datafield>
  <datafield tag="088" ind1=" " ind2=" ">
   <subfield code="a">TNCS2009-06</subfield>
  </datafield>
  <datafield tag="100" ind1=" " ind2=" ">
   <subfield code="a">Lý, Văn Khánh</subfield>
  </datafield>
  <datafield tag="245" ind1=" " ind2="0">
   <subfield code="a">Thực nghiệm nuôi cá Nâu (Scatopphagus agrus Linnaeus, 1766) trong bể ở các độ mặn khác nhau</subfield>
  </datafield>
  <datafield tag="245" ind1=" " ind2="0">
   <subfield code="c">Chủ nhiệm Lý Văn Khánh ; Cán bộ phối hợp Nguyễn Thanh Phương, Trần Ngọc Hải, Đỗ Thị Thanh Hương, Cao Mỹ Án</subfield>
  </datafield>
  <datafield tag="260" ind1=" " ind2=" ">
   <subfield code="a">Cần Thơ</subfield>
  </datafield>
  <datafield tag="260" ind1=" " ind2=" ">
   <subfield code="b">Trường Đại học Cần Thơ</subfield>
  </datafield>
  <datafield tag="260" ind1=" " ind2=" ">
   <subfield code="c">2009</subfield>
  </datafield>
  <datafield tag="520" ind1=" " ind2=" ">
   <subfield code="a">Nghiên cứu này nhằm đánh giá ảnh hưởng của các độ mặn khác nhau lên sự phát triển và tỷ lệ sống của cá nâu làm cơ sở phát triển nghề nuôi cá ở vùng ven biển Đồng bằng sông Cửu Long, từ đó thúc đẩy nghề nuôi cá nâu phát triển đồng thời góp phần đa dạng hoá đối tượng nuôi trong nghề nuôi cá lợ mặn.</subfield>
  </datafield>
  <datafield tag="650" ind1=" " ind2=" ">
   <subfield code="a">Nghề nuôi trồng thuỷ sản,Aquaculture,Nuôi cá,Fish culture</subfield>
  </datafield>
  <datafield tag="904" ind1=" " ind2=" ">
   <subfield code="i">Bích Lam, Trọng Hiếu</subfield>
  </datafield>
  <datafield tag="915" ind1=" " ind2=" ">
   <subfield code="a">TS</subfield>
  </datafield>
  <datafield tag="980" ind1=" " ind2=" ">
   <subfield code="a">Trung tâm Học liệu Trường Đại học Cần Thơ</subfield>
  </datafield>
 </record>
</collection>
